| Tag |
First Indicator |
Second Indicator |
Subfields |
| LEADER |
00000cam a2200000Ia 4500 |
| 001 |
in00002017413 |
| 005 |
20211202202824.0 |
| 007 |
he bmb024bbca |
| 008 |
041202s2004 dcua bsb f000 0 eng d |
| 035 |
|
|
|a (OCoLC)ocm57192192
|
| 040 |
|
|
|a GPO
|c GPO
|d MvI
|d UtOrBLW
|
| 043 |
|
|
|a n-us---
|
| 049 |
|
|
|a UMIC
|
| 049 |
|
|
|a WWW
|
| 074 |
|
|
|a 0455-G-09 (MF)
|
| 074 |
|
|
|a 0455-G-09 (online)
|
| 086 |
0 |
|
|a ED 1.328/3:L 61/6
|
| 245 |
0 |
4 |
|a The Status of public and private school library media centers in the United States :
|b 1999-2000 /
|c Barbara Holton [and others].
|
| 264 |
|
1 |
|a [Washington, D.C.] :
|b U.S. Dept. of Education, Institute of Education Sciences, National Center for Education Statistics,
|c [2004]
|
| 300 |
|
|
|a xvi, 119 pages :
|b illustrations ;
|c 28 cm.
|
| 336 |
|
|
|a text
|b txt
|2 rdacontent
|
| 337 |
|
|
|a microform
|b h
|2 rdamedia
|
| 338 |
|
|
|a microfiche
|b he
|2 rdacarrier
|
| 490 |
1 |
|
|a E.D. Tabs
|
| 500 |
|
|
|a "Schools and Staffing (SASS) Survey."
|
| 500 |
|
|
|a "Pinkerton Computer Consultants."
|
| 500 |
|
|
|a "Library Statistics Program."
|
| 500 |
|
|
|a "March 2004."
|
| 500 |
|
|
|a Shipping list number: 2005-0049-M.
|
| 500 |
|
|
|a Shipping List Date: 12/07/2004
|
| 504 |
|
|
|a Includes bibliographical references.
|
| 500 |
|
|
|a "NCES 2004-313."
|
| 530 |
|
|
|a Also available via Internet from the NCES web site. Address as of 12/8/04: http://www.nces.ed.gov/pubs2004/2004313.pdf; current access is available via PURL.
|
| 533 |
|
|
|a Microfiche.
|b [Washington, D.C] :
|c Supt. of Docs., U.S. G.P.O.,
|d 2004
|e 3 microfiches : negative.
|
| 500 |
|
|
|a Microform.
|
| 650 |
|
0 |
|a Instructional materials centers
|z United States
|v Statistics.
|
| 650 |
|
0 |
|a School libraries
|z United States
|v Statistics.
|
| 700 |
1 |
|
|a Holton, Barbara.
|
| 710 |
2 |
|
|a National Center for Education Statistics.
|
| 710 |
2 |
|
|a Pinkerton Computer Consultants.
|
| 830 |
|
0 |
|a E.D. TABS.
|
| 856 |
4 |
1 |
|u https://purl.fdlp.gov/GPO/LPS56070
|t 0
|
| 999 |
|
|
|a MARS
|
| 999 |
f |
f |
|s db2f29a8-451a-3484-8020-9814e0b51a5c
|i 57269afe-122b-3b2d-b2d9-3905b5562b4d
|t 0
|
| 952 |
f |
f |
|p normal
|a Texas A&M University
|b College Station
|c Sterling C. Evans Library
|d Evans: US Documents Microfiche (3rd floor)
|t 0
|e ED 1.328/3:L 61/6
|h Superintendent of Documents classification
|i microform -- microfiche
|m A14832425592
|
| 952 |
f |
f |
|a Texas A&M University
|b College Station
|c Electronic Resources
|d Available Online
|t 0
|e ED 1.328/3:L 61/6
|h Superintendent of Documents classification
|
| 998 |
f |
f |
|a ED 1.328/3:L 61/6
|t 0
|l Evans: US Documents Microfiche (3rd floor)
|
| 998 |
f |
f |
|a ED 1.328/3:L 61/6
|t 0
|l Available Online
|